Reducción de costos por manejo y mantenimiento de contenedores retornables /

Wedi'i Gadw mewn:
Manylion Llyfryddiaeth
Prif Awdur: Ruvalcaba González, Gerardo (autor)
Fformat: Traethawd Ymchwil Llyfr
Iaith:Sbaeneg
Pynciau:
Tagiau: Ychwanegu Tag
Dim Tagiau, Byddwch y cyntaf i dagio'r cofnod hwn!

MARC

LEADER 00000nam^a2200000^a^4500
001 000183536
005 20250521000000.0
009 20260310102044.696
037 |a Acervo ITESO - Biblioteca 
041 |a ESP 
090 |a MAD. 108 
100 |a Ruvalcaba González, Gerardo  |e (autor) 
245 1 0 |a Reducción de costos por manejo y mantenimiento de contenedores retornables /  |c G. Ruvalcaba González. 
264 |a Guadalajara, México :  |b edición de autor,  |c 2005 
300 |a 1 disco compacto de computadora 
336 |a datos para computadora  |b cod  |2 rdacontenido 
337 |a computadora  |b c  |2 rdamedio 
338 |a disco de computadora  |b cd  |2 rdasoporte 
502 |a ITESO Reporte de Posgrado para Maestría en Administración 
649 |a XX 
650 |a Ingenieros Industriales -  |x Prácticas Profesionales 
650 |a Envases Reciclables 
650 |a Costos 
650 |a Costos de Operación 
650 |a Subcontratación de Servicios 
650 |a Conservación y Protección Ambiental 
650 |a Ingeniería Económica 
650 |a Ingeniería Industrial -  |x Prácticas Profesionales 
910 |a Fondo General 
920 |a Electrónicos - Tesis del ITESO en Disco 
905 |a 202 
901 |a 0500150249  |b IT2  |c STS  |u 20250521 
902 |a https://opac.biblio.iteso.mx/vufind/Record/000183536